000 00629nam a2200193Ia 4500
005 20250507130318.0
008 008 250505s9999 xx 000 0 eng d
037 _aAnnuals, Advances
040 _aEASL
_beng
_cEASL
041 _aeng
_2eng
084 _aX.41.N94, N5
_qEASL
100 _aWong Christine P.W. Etc
_9650079
245 0 _aFiscal management and economic reform in the people's republic of China
260 _aUK
_bOxford Asian devolopment bank by Oxford University Press
_c1995
300 _a267p.
365 _aP
_b20.00
942 _cTEXL
_hX.41.N94, N5
999 _c1318931
_d1318931